| 000 | 00000nam 2200000zi 4500 |
| 001 | 9.922405 |
| 003 | CaOODSP |
| 005 | 20240527140606 |
| 006 | m o d f |
| 007 | cr |n||||||||| |
| 008 | 230124s1972####oncab ob f|0| 0 eng d |
| 040 | |aCaOODSP|beng|erda|cCaOODSP |
| 043 | |an-cn---|an-cn-qu |
| 086 | 1 |aCW66-986/1972E-PDF |
| 100 | 1 |aCurtis, Steven G., |eauthor. |
| 245 | 10|aAerial waterfowl surveys of the lower La Grande Basin, late September, 1972 / |cby Steven G. Curtis. |
| 264 | 1|a[Ottawa] : |bCanadian Wildlife Service, |c[1972] |
| 300 | |a1 online resource (1 volume (various pagings)) : |billustrations, maps |
| 336 | |atext|btxt|2rdacontent |
| 337 | |acomputer|bc|2rdamedia |
| 338 | |aonline resource|bcr|2rdacarrier |
| 500 | |aCover title. |
| 500 | |aIssued by Environment Canada. |
| 500 | |aDigitized edition from print [produced by Environment and Climate Change Canada]. |
| 504 | |aIncludes bibliographical references [page 25]. |
| 520 | |a"The objective of the survey were: to determine the densities of waterfowl, especially geese, in the La Grande basin and to assess the degree of utilization by waterfowl of the various major ecological zones within the basin"--Introduction, page [4]. |
| 650 | 0|aWaterfowl|zQuébec (Province)|zGrande River (Nord-du-Québec) |
| 650 | 0|aZoological surveys|zQuébec (Province)|zGrande River (Nord-du-Québec) |
| 650 | 6|aGibier d'eau|zQuébec (Province)|zGrande Rivière, La (Jamésie) |
| 650 | 6|aInventaires fauniques|zQuébec (Province)|zGrande Rivière, La (Jamésie) |
| 710 | 2 |aCanadian Wildlife Service, |eissuing body. |
| 856 | 40|qPDF|s3.40 MB|uhttps://publications.gc.ca/collections/collection_2024/eccc/cw66/CW66-986-1972-eng.pdf |